000 01366cam a22003977a 4500
003 CHAP
005 20220329141919.0
008 980601d1990 mx r o00010 spa d
010 _a75659
011 _a76631
035 _a86217
040 _cCHAP
082 0 4 _a338.173
_bR4 1990
100 0 0 _aReyes Ortega, Pedro A.
_996937
245 1 0 _aProductos pecuarios de México protección y estrategias de apertura :
_bbovino de carne, cerdo, pollo, huevo, leche y ovino
_c/por Pedro A. Reyes Ortega
250 _a2 ed.
260 _aMéxico, D. F. :
_bSubsecretaría de Ganadería,
_c1990.
300 _a53 h. ;
_banexo
500 _aFotocopia
590 _aBATCH-UPD
_b10
_c20130110
_lUCH01
_h1111
590 _aBATCH-UPD
_b10
_c20130410
_lUCH01
_h0702
590 _aBATCH-UPD
_b10
_c20130914
_lUCH01
_h0450
590 _aBATCH-UPD
_b10
_c20130914
_lUCH01
_h2122
590 _aCONVERSION
_b10
_c20130109
_lUCH01
_h1341
650 1 4 _aAves de corral
_xMéxico.
_98667
650 1 4 _aGanado de carne
_xMéxico.
_945097
650 1 4 _aGanado lanar
_xMéxico.
_945198
650 1 4 _aGanado porcino
_xMéxico.
_945385
650 1 4 _aHuevos.
_956738
650 1 4 _aLeche.
_965357
650 1 4 _aProductos pecuarios
_xMéxico.
_992190
901 _aBK
905 _aLilia Sánchez G.
942 _cLIBRO
949 _a338.173 R4 1990
_bBC
_cLIBRO
_d33724000730826
_eLIBRO
_h93418
_i86217
_sb
999 _c75659
_d75659